000 01505nam0a22003011 4500
001 rc\4151578
005 20260407110639.0
021 _aRU
_b[51-11849]
035 _a(NLR Aleph) 008170221
090 _a7849695
_c7849695
100 _a20130415d1951 |||y0rusy50 ca
101 0 _arus
102 _aRU
105 _aa z |||||
200 1 _aСборник изобретательских и рационализаторских предложений, внедренных на заводах автотракторной промышленности
_fМ-во автомоб. и тракт. пром-сти СССР
210 _aМосква
_cМашгиз
_d1951
215 _a84 с.
_cил.
_d22
300 _aНа обороте тит. л. сост.: инженеры Н.А. Байков и Н.Н. Кириченко
606 _aАвтостроение
_xИзобретательство и рационализация
_jСборники
_2psbo
606 _aТракторостроение
_xИзобретательство и рационализация
_jСборники
_2psbo
702 1 _aКириченко
_bН.Н.
_4220
702 1 _aБайков
_bН.А.
_gНиколай Афанасьевич
_4220
712 0 1 _aСССР
_bМинистерство автомобильной и тракторной промышленности
_3RU\NLR\AUTH\889938427
_9371697
801 0 _aRU
_bNLR
_gpsbo
801 1 _aRU
_bELAR
_2rusmarc
852 _aNLR
_jТ86 Г-6/265
942 _cBOOK
980 _aNB